Literature, travel, and colonial writing in the English Renaissance, 1545-1625 (Record no. 5004)
[ view plain ]
| 000 -LEADER | |
|---|---|
| fixed length control field | 01694nam a2200397Ia 4500 |
| 100 1# - MAIN ENTRY--AUTHOR NAME | |
| Personal name | Hadfield, Andrew. |
| 245 10 - TITLE STATEMENT | |
| Title | Literature, travel, and colonial writing in the English Renaissance, 1545-1625 |
| 260 ## - PUBLICATION, DISTRIBUTION, ETC. (IMPRINT) | |
| Place of publication | New York : |
| Name of publisher | Clarendon Press, |
| Year of publication | 1998. |
| 300 ## - PHYSICAL DESCRIPTION | |
| Number of Pages | xiv, 305 p. : |
| Other physical details | ill. |
| 650 #0 - SUBJECT ADDED ENTRY--TOPICAL TERM | |
| Topical Term | English literature |
| Topical Term | Travel in literature. |
| Topical Term | English literature |
| Topical Term | British |
| Topical Term | British |
| Topical Term | Travelers' writings, English |
| Topical Term | Politics and literature |
| Topical Term | Imperialism in literature. |
| Topical Term | Colonies in literature. |
| Topical Term | Renaissance |
| 856 40 - ELECTRONIC LOCATION AND ACCESS | |
| Uniform Resource Identifier | http://site.ebrary.com/lib/rucke/Doc?id=10278496 |
No items available.
